Life after death (Record no. 7749)

MARC details
000 -LEADER
fixed length control field 00548nam a22001937a 4500
003 - CONTROL NUMBER IDENTIFIER
control field GBCCL
005 - DATE AND TIME OF LATEST TRANSACTION
control field 20241126110636.0
008 - FIXED-LENGTH DATA ELEMENTS--GENERAL INFORMATION
fixed length control field 180917b ||||| |||| 00| 0 eng d
040 ## - CATALOGING SOURCE
Transcribing agency GBC
082 ## - DEWEY DECIMAL CLASSIFICATION NUMBER
Classification number 236.22
Item number STR
100 ## - MAIN ENTRY--PERSONAL NAME
Personal name Strauss, Lehman
9 (RLIN) 5523
245 ## - TITLE STATEMENT
Title Life after death
260 ## - PUBLICATION, DISTRIBUTION, ETC.
Place of publication, distribution, etc. Westchester, Ill. :
Name of publisher, distributor, etc. Good News Publishers,
Date of publication, distribution, etc. 1961.
300 ## - PHYSICAL DESCRIPTION
Extent 64 pages ; 19 cm.
440 ## - SERIES STATEMENT/ADDED ENTRY--TITLE
Title One evening" condensed book.
9 (RLIN) 13541
650 ## - SUBJECT ADDED ENTRY--TOPICAL TERM
Topical term or geographic name entry element Immortality.
9 (RLIN) 10027
650 ## - SUBJECT ADDED ENTRY--TOPICAL TERM
Topical term or geographic name entry element Future life -- Biblical teaching.
9 (RLIN) 13542
942 ## - ADDED ENTRY ELEMENTS (KOHA)
Source of classification or shelving scheme Dewey Decimal Classification
Koha item type Books
Koha issues (borrowed), all copies 5
Holdings
Withdrawn status Lost status Source of classification or shelving scheme Damaged status Not for loan Home library Current Library Shelving location Date acquired Total checkouts Total renewals Full call number Barcode Date last seen Date last checked out Copy number Price effective from Koha item type
    Dewey Decimal Classification     GRACE BIBLE COLLEGE GRACE BIBLE COLLEGE Theology 2018-09-17 8 3 236.22 STR 003884 2026-03-05 2026-02-26 c.1 2018-09-17 Books
© Grace Bible College Library 2025